LEADER 01690nam a2200349 u 4500 001 000000008637 003 CaOOAMICUS 005 20070226105121.0 008 941220s1982 fr u000 u fre u 020 $a2204018556 035 $a10222112 040 $aPUL$bita 041 1 $afre$alat 100 0 $aCyprianus,$cs., vesc. di Cartagine,$dc. 200-258.$0(OLS)http://pul/name/383 240 10$aAd Donatum$9(Cyprianus, s., vesc. di Cartagine, c. 200-258).$lFrancese e latino.$0(OLS)http://pul/title/12662 245 10$aA Donat et La vertu de patience (Texte latin). /$cIntroduction, traduction et notes de Jean Molager. 260 $aParis :$bLes Éditions du Cerf,$c1982. 300 $a264, [1] p. ;$c20 cm 490 1 $aSources chrétiennes ;$v291 500 $aTesto latino con trad. francese a fronte. 504 $aBibliografia: p. 68-72. 700 02$aCyprianus,$cs., vesc. di Cartagine,$dc. 200-258.$tDe bono patientiae$9(Cyprianus, s., vesc. di Cartagine, c. 200-258)$lFrancese e latino.$0(OLS)http://pul/name/8613 700 1 $aMolager, Jean.$0(OLS)http://pul/name/8612 830 0$aSources chrétiennes ;$v291.$0(OLS)http://pul/title/45 850 $aPUL 852 $aPUL$W1$xSL Religione 2$y84$mTheol E3 291$j12181$nBK-PRI$b $qStampati altre collocazioni$B12181$CPULBib$Z2$F12181 $H $81 900 $aCipriano,$cs., vescovo di Cartagine,$dc. 200-258$9383 941 1 $a10 961 $aINV: 49664. 996 $6020$a2204018556$9(OLS)http://pul/number/11124 996 $6245$aA Donat et La vertu de patience (Texte latin).$9(OLS)http://pul/title/12663 996 $6260$aParis :$bLes Éditions du Cerf$9(OLS)http://pul/publisher/47861 LEADER 01410namaa2200301 i 4500 001 000000178599 003 CaOOAMICUS 005 20260316174012.0 008 260316s2025 it m u000 u ita r 032 $aLibriCat 040 $aPUL$bita 100 1 $aViceconte, Alessandra,$d1991-,$eautore dissertazione.$0(OLS)http://pul/name/114933 245 10$aFintech :$bl'attuale frammentazione normativa internazionale in relazione alle valute virtuali /$cAlessandra Viceconte. 264 20$aRomae :$b[s.n.],$c2025. 300 $a130 pagine ;$c24 cm 336 $atxt$2rdacontent 337 $asenza mediazione$bn$2rdamedia 338 $avolume$anc 502 $aEstratto della Tesi di Dottorato, Pontificia Universitas Lateranensis. Facoltà di Diritto Civile, 2025. 504 $aBibliografia : pagine [91]-124. 650 4$aLaicità e diritto.$0(OLS)http://pul/subject/36678 710 2 $aPontificia Università Lateranense.$bFacoltà di diritto civile$kTesi.$0(OLS)http://pul/name/81778 850 $aPUL 852 $aPUL$W1$xDP1 Tesi Pon Univ. Lateranense$y41$m2025 D 2$j202384$qTesi$B207743$CPULBib$Z2$F207743 $Hnull $82 941 1 $a16 996 $6245$aFintech :$bl'attuale frammentazione normativa internazionale in relazione alle valute virtuali$9(OLS)http://pul/title/220185 996 $6264$aRomae :$b[s.n.]$9(OLS)http://pul/publisher/48223